La sociología latinoamericana vista desde otra disciplina social (trabajo social) /
محفوظ في:
| المؤلف الرئيسي: | |
|---|---|
| مؤلفون آخرون: | , , |
| التنسيق: | نص |
| اللغة: | Spanish |
| الوسوم: |
إضافة وسم
لا توجد وسوم, كن أول من يضع وسما على هذه التسجيلة!
|
MARC
| LEADER | 00000 a a2200000 04500 | ||
|---|---|---|---|
| 001 | 40592 | ||
| 003 | cru IIS | ||
| 005 | 20210701142652.0 | ||
| 008 | 210701b |||||||| |||| 00| 0 spa d | ||
| 040 | |a CRAI-IIS |b SPA |c CRAI-IIS | ||
| 100 | |a Gúzman, Laura | ||
| 245 | |a La sociología latinoamericana vista desde otra disciplina social (trabajo social) / |c Laura Guzmán; Teresita Quirós; Diego Palma; Juan Mario Castellanos | ||
| 700 | |a Quirós, Teresita | ||
| 700 | |a Palma, Diego | ||
| 700 | |a Castellanos, Juan Mario | ||
| 773 | |g volumen1,(XI Congreso Latinoamericano de Sociologia ), [páginas 115-155 ] |g Revista de Ciencias Sociales, Volumen 10: 1975 | ||
| 942 | |2 ddc |c PP |h REV0862 10 1975 |6 REV0862_10_1975 | ||
| 999 | |c 26760 |d 26760 | ||
| 773 | 0 | |0 18728 |9 5851 |a Universidad de Costa Rica. |d San José, Costa Rica Editorial UCR 1959- |o 21458 |t Revista de Ciencias Sociales/ |x 04825276 | |
